Wyniki Eurowizji 2026 - Statystyki

Ogólne statystyki
  • Ten quiz został rozwiązany 47 razy
  • Średni wynik to 21 z 24
Statystyki odpowiedzi
Miejsce Kraj Wykonawca Punkty % Poprawnych
12. Polska Alicja Szemplińska 150
100%
1. Bułgaria Dara 516
97%
3. Rumunia Alexandra Căpitănescu 296
97%
11. Francja Monroe 158
94%
10. Grecja Akylas 220
94%
25. Wielka Brytania Look Mum No Computer 1
94%
5. Włochy Sal da Vinci 281
94%
9. Ukraina Leléka 221
91%
24. Austria Cosmó 6
88%
16. Czechy Daniel Žižka 113
88%
23. Niemcy Sarah Engels 12
88%
20. Szwecja Felicia 51
88%
21. Belgia Essyla 36
84%
15. Chorwacja Lelek 124
84%
7. Dania Søren Torpegaard Lund 243
84%
6. Finlandia Linda Lampenius & Pete Parkkonen 279
84%
22. Litwa Lion Ceccah 22
84%
8. Mołdawia Satoshi 226
84%
4. Australia Delta Goodrem 287
81%
14. Norwegia Jonas Lovv 134
81%
13. Albania Alis 145
75%
19. Cypr Antigoni 75
75%
18. Malta Aidan 89
69%
17. Serbia Lavina 90
69%
Nie znaleziono quizów pasujących do podanych kryteriów
Rozkład punktacji
Procent ludzi z każdym wynikiem
Percentyl według liczby udzielonych odpowiedzi
Twoja historia wyników
Nie rozwiązałeś tego quizu